|
|
|
|
| LEADER |
00000nam0a2200000 4500 |
| 001 |
302107 |
| 005 |
20231102001453.0 |
| 035 |
|
|
|a (RuTPU)RU\TPU\book\327303
|
| 090 |
|
|
|a 302107
|
| 100 |
|
|
|a 20150819d1957 m y0rusy50 ca
|
| 101 |
0 |
|
|a rus
|
| 102 |
|
|
|a RU
|
| 105 |
|
|
|a a j 001zy
|
| 200 |
1 |
|
|a Автоматизация гидроэлектрических станций
|e учебное пособие
|f М. Д. Кучкин, Н. А. Спицын
|
| 210 |
|
|
|a Москва
|a Ленинград
|c Госэнергоиздат
|d 1957
|
| 215 |
|
|
|a 351 с.
|c ил.
|
| 320 |
|
|
|a Библиогр.: с. 345-346.
|
| 320 |
|
|
|a Алфавитный указатель: с. 347-350.
|
| 606 |
1 |
|
|a Гидроэлектрические станции
|x Автоматизация
|2 stltpush
|3 (RuTPU)RU\TPU\subj\7096
|9 34827
|
| 610 |
1 |
|
|a автоматический контроль
|
| 610 |
1 |
|
|a аппаратура
|
| 610 |
1 |
|
|a электрические двигатели
|
| 610 |
1 |
|
|a схемы
|
| 610 |
1 |
|
|a гидротехнические сооружения
|
| 610 |
1 |
|
|a затворы
|
| 610 |
1 |
|
|a управление
|
| 610 |
1 |
|
|a гидроагрегаты
|
| 610 |
1 |
|
|a гидротурбины
|
| 610 |
1 |
|
|a гидрогенераторы
|
| 610 |
1 |
|
|a синхронизация
|
| 610 |
1 |
|
|a автоматическое регулирование
|
| 610 |
1 |
|
|a автоматические операторы
|
| 610 |
1 |
|
|a учебные пособия
|
| 675 |
|
|
|a 621.311.21-5(075.8)
|v 3
|
| 700 |
|
1 |
|a Кучкин
|b М. Д.
|g Михаил Дмитриевич
|
| 701 |
|
1 |
|a Спицын
|b Н. А.
|g Николай Андреевич
|
| 801 |
|
1 |
|a RU
|b 63413507
|c 20150819
|
| 801 |
|
2 |
|a RU
|b 63413507
|c 20220617
|g RCR
|
| 942 |
|
|
|c BK
|